000 01819nam a22002057a 4500
999 _c4142
_d4142
020 _a9780324282870
020 _a0324282877
050 _aHF5679
_b.H26
100 _aJames A Hall
245 _aAccounting information systems
_cJames A Hall
250 _a4th ed .int'l. student ed
260 _aMason, Ohio
_bThomson/South-Western
_c2004
300 _axxvi, 910 p.:
_billus.,
_c27 cm.
500 _aIncludes Index
505 _aPART 1: OVERVIEW OF ACCOUNTING INFORMATION SYSTEMS CHAPTER 1: The Information System: An Accountant's Perspective CHAPTER 2: Introduction to Transaction Processing CHAPTER 3: Ethics, Fraud and Internal Control PART 2: TRANSACTION CYCLE AND BUSINESS PROCESS CHAPTER 4: The Revenue Cycle CHAPTER 5: The Expenditure Cycle Part I: Purchases and Cash Disbursements Procedures CHAPTER 6: he Expenditure Cycle Part II: Payroll Processing and Fixed Asset Procedures CHAPTER 7: The Conversion Cycle CHAPTER 8: General Ledger, Financial Reporting and Management Reporting Systeme PART 3: ADVANCED TECHNOLOGIES IN ACCOUNTING INFORMATION CHAPTER 9: Database Management Systems CHAPTER 10: The REA Approach to Business Process Modeling CHAPTER 11: Enterprise Resource Planning Systems CHAPTER 12: Electronic Commerce Systems PART 4: SYSTEMS DEVELOPMENT ACTIVITIES CHAPTER 13: Managing the Systems Development Life Cycle CHAPTER 14: Construct, Deliver and Maintain Systems Projects PART 5: COMPUTER CONTROLS AND AUDITING CHAPTER 15: Controlling, Computer - Based Information Systems, Part ! CHAPTER 16: Controlling, Computer - Based Information Systems, Part II CHAPTER 17: Information Systems Auditing and Assurance
650 _aAccounting
_xData processing
650 _aInformation storage and retrieval systems
_xAccounting
700 _aJames A Hall
942 _cBK